Statistics for Animal Quiz

Click here to take the quiz!

General Stats

  • This quiz has been taken 131 times
    (27 since last reset)
  • The average score is 38 of 43

Answer Stats

Answer% Correct
Tiger
100%
Bee
95%
Butterfly
95%
Cat
95%
Deer
95%
Dog
95%
Dolphin
95%
Duck
95%
Elephant
95%
Frog
95%
Goat
95%
Gorilla
95%
Hippopotamus
95%
Humpback Whale
95%
Lion
95%
Mouse
95%
Penguin
95%
Polar Bear
95%
Sea Horse
95%
Seal
95%
Shark
95%
Sloth
95%
Turtle
95%
Wolf
95%
Zebra
95%
Bunny
91%
Fish
91%
Snake
91%
Starfish
91%
Cheetah
86%
Otter
86%
Raccoon
86%
Rhinoceros
86%
Llama
77%
Owl
77%
Red Panda
77%
Sheep
73%
Skunk
73%
Squirrel
73%
Kangaroo
68%
Pig
68%
Vulture
68%
Reindeer
59%

Score Distribution

Percentile by Number Answered

Percent of People with Each Score

Your Score History

You have not taken this quiz since the last reset